| 000 | 00992nam a22002057a 4500 | ||
|---|---|---|---|
| 999 |
_c12506 _d12506 |
||
| 003 | AR-CdUCM | ||
| 008 | 190409b ||||| |||| 00| 0 spa d | ||
| 040 |
_aMUNICIPALIDAD PROVINCIAL DEL CUSCO _cBIBLIOTECA MUNICIPAL DEL CUSCO |
||
| 082 |
_a282.856 / _bOR66 |
||
| 100 |
_aOricain, Pablo José _930371 |
||
| 245 | _aCompendio breve de discursos varios sobre diferentes materias, y noticias geográficas, comprensivas, a este obispado del Cuzco, que claman remedios espirituales / | ||
| 260 |
_aLima : _bMinisterio de Relaciones Exteriores del Perú _c2004. |
||
| 300 |
_a85 paginas : _bIlustraciones mapas _c24 cm. |
||
| 505 | _aContenido :Relación de mapas -- Presentación -- Compendio breve de discursos varios sobre diferentes materias, y noticias geográficas, comprensivas, a este obispado del Cuzco, que claman remedios espirituales. | ||
| 650 |
_aObispo _930372 |
||
| 650 |
_aCuzco _97693 |
||
| 650 |
_aMapas del Cusco _930373 |
||
| 942 |
_2ddc _cLIBROS |
||
| 945 |
_awnts _d2019-04-09 |
||